[Event "41st Olympiad Women 2014"]
[Site "Tromso NOR"]
[Date "2014.08.04"]
[Round "3.53"]
[Board "1"]
[White "Diaz, Maria M.A."]
[Black "Olatunji, Oluwatobiloba"]
[Result "0-1"]
[WhiteTitle "WFM"]
[BlackTitle "WFM"]
[WhiteElo "2029"]
[BlackElo "1860"]
[WhiteTeam "Netherlands Antilles"]
[BlackTeam "Nigeria"]
[WhiteFideId "7500114"]
[BlackFideId "8500924"]
[EventDate "2014.08.02"]

1. d4 e6 2. c4 d5 3. Nc3 Nf6 4. Nf3 Be7 5. e3 dxc4 6. Bxc4 c5 7. O-O Nc6 8. Qe2
O-O 9. Rd1 Qc7 10. d5 exd5 11. Nxd5 Nxd5 12. Bxd5 Bg4 13. b3 Bf6 14. Bb2 Bxb2
15. Qxb2 Bxf3 16. Bxf3 Rad8 17. Qc3 b6 18. Rac1 Rxd1+ 19. Rxd1 Rd8 20. Rxd8+
Nxd8 21. Qd3 Ne6 22. Bg4 Nf8 23. f4 Qe7 24. Bh3 Ng6 25. g3 Kf8 26. e4 f6 27. Qd5
Qc7 28. Bf1 Ne7 29. Qe6 Qc6 30. Bc4 Qxe6 31. Bxe6 Nc6 32. Kf2 Ke7 33. Bd5 Nb4
34. Bg8 Nxa2 35. Bxh7 Kf7 36. e5 fxe5 37. Kf3 exf4 38. Kxf4 Nc1 39. Be4 Kf6 40.
Bd5 Ne2+ 41. Ke3 Nc3 42. Bf3 Ke5 43. Kd3 Nb5 44. Bg2 Nd6 45. Bc6 b5 46. Kc3 a6
47. Bg2 c4 48. bxc4 Nxc4 49. Bb7 a5 50. Ba6 Nd6 51. Kd3 Kd5 52. g4 g5 53. Ke3
Ke5 54. Kf3 a4 55. Kg3 a3 56. h4 gxh4+ 57. Kxh4 Kf6 58. Kh5 Kg7 59. Kg5 a2 60.
Bxb5 Nxb5 61. Kf5 a1=Q 62. Kg5 0-1

[Event "41st Olympiad Women 2014"]
[Site "Tromso NOR"]
[Date "2014.08.04"]
[Round "3.54"]
[Board "4"]
[White "Berhe, Azeb Asmelash"]
[Black "Adhin, Anviti"]
[Result "1-0"]
[BlackTitle "WCM"]
[WhiteElo "1464"]
[BlackElo "1622"]
[WhiteTeam "Ethiopia"]
[BlackTeam "Surinam"]
[WhiteFideId "15700291"]
[BlackFideId "8201200"]
[EventDate "2014.08.02"]

1. e4 c6 2. Nf3 d5 3. exd5 cxd5 4. d4 Nf6 5. Bd3 Nc6 6. c3 Bg4 7. Bf4 e6 8. Nbd2
Bd6 9. Bxd6 Qxd6 10. Qa4 O-O 11. O-O a6 12. Rfe1 b5 13. Qc2 Rfc8 14. Ne5 Nb4 15.
Qc1 Nxd3 16. Nxd3 Bf5 17. Nc5 Nd7 18. Nxd7 Qxd7 19. Nb3 Qd6 20. Nc5 Rab8 21. b4
Re8 22. f4 Ra8 23. Qe3 Rec8 24. h3 Ra7 25. g4 Be4 26. Qg3 Bg6 27. Re3 h6 28.
Rae1 a5 29. a3 axb4 30. cxb4 Rca8 31. Ra1 Qd8 32. Re5 Qd6 33. f5 exf5 34. Re8+
Rxe8 35. Qxd6 Rae7 36. Qxd5 fxg4 37. hxg4 Re2 38. Qc6 R8e3 39. Qxb5 Rg3+ 40. Kf1
Rgg2 41. Qxe2 1-0

[Event "41st Olympiad Women 2014"]
[Site "Tromso NOR"]
[Date "2014.08.04"]
[Round "3.55"]
[Board "1"]
[White "Parrado, Angelica"]
[Black "Solomons, Anzel"]
[Result "0-1"]
[BlackTitle "WIM"]
[WhiteElo "1628"]
[BlackElo "1840"]
[WhiteTeam "Palau"]
[BlackTeam "South Africa"]
[WhiteFideId "16600215"]
[BlackFideId "14300800"]
[EventDate "2014.08.02"]

1. e4 e5 2. Bc4 d6 3. d3 c6 4. h3 Be7 5. Nf3 Nf6 6. Ng5 O-O 7. Nc3 d5 8. Bb3 h6
9. Nf3 dxe4 10. Nxe5 Bb4 11. Bd2 Qd4 12. Ng4 Nxg4 13. hxg4 exd3 14. Kf1 Bxg4 15.
Qe1 dxc2 16. Bxc2 Nd7 17. Be3 Qc4+ 18. Kg1 Bxc3 19. bxc3 Qe2 20. Qxe2 Bxe2 21.
f3 Nf6 22. Kf2 Bc4 23. Rh4 b5 24. a3 Rad8 25. g4 Rfe8 26. Re1 Nd5 27. g5 Nxe3
28. Be4 Nf5 29. Rh2 Rd2+ 30. Kg1 Rxh2 31. Kxh2 hxg5 32. Rg1 Nd6 33. Bb1 Re2+ 34.
Kg3 Re3 35. Rd1 Bd5 36. Kg4 Bxf3+ 37. Kxg5 Bxd1 0-1

[Event "41st Olympiad Women 2014"]
[Site "Tromso NOR"]
[Date "2014.08.04"]
[Round "3.55"]
[Board "2"]
[White "Tlale, Tshepang"]
[Black "Mission, Baby Edna"]
[Result "1-0"]
[WhiteTitle "WIM"]
[WhiteElo "1798"]
[BlackElo "1546"]
[WhiteTeam "South Africa"]
[BlackTeam "Palau"]
[WhiteFideId "14304503"]
[BlackFideId "16600355"]
[EventDate "2014.08.02"]

1. e4 e5 2. Nc3 Nf6 3. Bc4 Bb4 4. Nge2 d6 5. a3 Bxc3 6. Nxc3 Nc6 7. h3 Nd4 8. d3
Be6 9. Bxe6 Nxe6 10. O-O O-O 11. f4 exf4 12. Bxf4 Nxf4 13. Rxf4 Re8 14. Qf3 c6
15. Kh1 Re7 16. Rf1 Re6 17. Ne2 d5 18. Ng3 g6 19. Rxf6 Rxf6 20. Qxf6 Qxf6 21.
Rxf6 Re8 22. Rd6 Kg7 23. exd5 cxd5 24. Rxd5 Re3 25. Rg5 h6 26. Nf5+ Kf6 27. Nxe3
Kxg5 28. d4 Kf6 29. c4 Ke6 30. g4 Kd6 31. b4 Kc6 32. d5+ Kd6 33. c5+ Kd7 34. b5
Kc7 35. Kg2 b6 36. c6 Kd6 37. Nc4+ Kc7 38. d6+ Kd8 39. Ne5 Kc8 40. d7+ Kc7 41.
Nxf7 1-0

[Event "41st Olympiad Women 2014"]
[Site "Tromso NOR"]
[Date "2014.08.04"]
[Round "3.55"]
[Board "3"]
[White "Paloma, Gladys Anne"]
[Black "Van Niekerk, Robyn Julian"]
[Result "0-1"]
[WhiteElo "1472"]
[BlackElo "1627"]
[WhiteTeam "Palau"]
[BlackTeam "South Africa"]
[WhiteFideId "16600495"]
[BlackFideId "14305020"]
[EventDate "2014.08.02"]

1. d4 d5 2. Nf3 Nf6 3. e3 e6 4. Bd3 c5 5. c3 Nc6 6. O-O Qc7 7. b3 Bd6 8. h3 O-O
9. Re1 b6 10. Qc2 Bb7 11. e4 dxe4 12. Bxe4 Nxe4 13. Rxe4 Ne7 14. Re3 Nf5 15. Ng5
Bf4 16. Rd3 Bxg5 17. Bxg5 Be4 18. Qe2 Bxd3 19. Qxd3 cxd4 20. cxd4 h6 21. Bd2
Rfd8 22. Bc3 Rac8 23. Nd2 Qxc3 24. Qf1 Qxd2 25. g4 Nxd4 26. g5 Qxg5+ 27. Kh1 Nf3
28. Qe2 Qd5 29. Qa6 Nh4+ 30. Kh2 Qg2# 0-1

[Event "41st Olympiad Women 2014"]
[Site "Tromso NOR"]
[Date "2014.08.04"]
[Round "3.55"]
[Board "4"]
[White "Fisher, Michelle M"]
[Black "Whipps, Joy Flores"]
[Result "1-0"]
[WhiteTitle "WCM"]
[WhiteElo "1657"]
[BlackElo "1305"]
[WhiteTeam "South Africa"]
[BlackTeam "Palau"]
[WhiteFideId "14307553"]
[BlackFideId "16600460"]
[EventDate "2014.08.02"]

1. e4 c6 2. d4 d5 3. Nc3 Nf6 4. e5 Nfd7 5. Bd3 e6 6. Nf3 Be7 7. O-O O-O 8. Ne2
Nb6 9. c3 N8d7 10. Qc2 h6 11. b3 Bg5 12. Nxg5 hxg5 13. f4 Qe7 14. fxg5 a5 15.
Bh7+ Kh8 16. Rf3 c5 17. Rh3 f6 18. Nf4 Qf7 19. Ng6+ Qxg6 20. Bxg6+ Kg8 21. Bh5
g6 22. Qxg6+ Kh8 23. Bg4# 1-0

[Event "41st Olympiad Women 2014"]
[Site "Tromso NOR"]
[Date "2014.08.04"]
[Round "3.56"]
[Board "2"]
[White "Lopang, Tshepiso"]
[Black "Arbona Avila, Zaily M."]
[Result "1-0"]
[WhiteTitle "WIM"]
[WhiteElo "1778"]
[BlackElo "1526"]
[WhiteTeam "Botswana"]
[BlackTeam "Aruba"]
[WhiteFideId "11300515"]
[BlackFideId "15900053"]
[EventDate "2014.08.02"]

1. d4 Nf6 2. c4 g6 3. Nc3 Bg7 4. Nf3 d6 5. Bf4 O-O 6. h3 Nbd7 7. e3 c6 8. Be2 a6
9. a4 Rb8 10. a5 b5 11. axb6 Rxb6 12. b3 c5 13. O-O Nh5 14. Bh2 f5 15. Ng5 Ndf6
16. Rb1 cxd4 17. exd4 f4 18. Bf3 e6 19. Nge4 Nxe4 20. Nxe4 Qh4 21. c5 dxc5 22.
dxc5 Rb8 23. Nd6 Rd8 24. Qe2 Bd4 25. Nxc8 Rbxc8 26. Qxe6+ Kh8 27. b4 Re8 28.
Qxa6 Rc7 29. Qd6 Be5 30. Qd1 Rce7 31. b5 Bb8 32. b6 Re5 33. c6 Rd8 34. Qc2 Bd6
35. c7 Rc8 36. b7 1-0

[Event "41st Olympiad Women 2014"]
[Site "Tromso NOR"]
[Date "2014.08.04"]
[Round "3.56"]
[Board "3"]
[White "Jacobs, Annelaine"]
[Black "Francis, Onkemetse"]
[Result "0-1"]
[WhiteTitle "WCM"]
[BlackTitle "WFM"]
[WhiteElo "1680"]
[BlackElo "1735"]
[WhiteTeam "Aruba"]
[BlackTeam "Botswana"]
[WhiteFideId "15900177"]
[BlackFideId "11301287"]
[EventDate "2014.08.02"]

1. e4 e5 2. Nf3 Nc6 3. Bc4 Bc5 4. d3 Nf6 5. Bg5 h6 6. Bh4 d6 7. h3 Na5 8. Nbd2
Nxc4 9. Nxc4 Be6 10. Ncd2 Qd7 11. Nb3 Bb6 12. Bxf6 gxf6 13. d4 exd4 14. Nfxd4
O-O-O 15. Qf3 Qa4 16. Ne2 Rhg8 17. Nc3 Qc6 18. O-O-O f5 19. Nd5 Bxd5 20. exd5
Qd7 21. Nd4 f4 22. Rh2 Qa4 23. Qb3 Qxb3 24. axb3 Rde8 25. f3 Re5 26. c4 Rg3 27.
Rd2 Reg5 28. Kd1 Bxd4 29. Rxd4 Rxg2 30. Rxg2 Rxg2 31. Kc1 Rg1+ 32. Kc2 Kd8 33.
Rxf4 Ke8 34. Rg4 Rxg4 35. hxg4 Ke7 36. Kd3 Kf6 37. f4 a5 38. Kd4 b6 39. Ke3 Kg6
40. Ke4 f6 41. Ke3 f5 42. Kf3 Kf6 43. Kg3 fxg4 44. Kxg4 Kg6 45. Kf3 Kf5 46. Kg3
h5 47. Kh4 Kxf4 48. Kxh5 Ke4 49. Kg4 b5 50. Kg5 bxc4 51. bxc4 Ke5 0-1

[Event "41st Olympiad Women 2014"]
[Site "Tromso NOR"]
[Date "2014.08.04"]
[Round "3.56"]
[Board "4"]
[White "Botlhole, Kgalalelo"]
[Black "De Mey, Maria Paula"]
[Result "1-0"]
[WhiteTitle "WFM"]
[WhiteElo "1762"]
[BlackElo "1483"]
[WhiteTeam "Botswana"]
[BlackTeam "Aruba"]
[WhiteFideId "11300469"]
[BlackFideId "15900444"]
[EventDate "2014.08.02"]

1. d4 d5 2. c4 e6 3. Nf3 Nf6 4. Nc3 Nbd7 5. Bg5 Be7 6. e3 h6 7. Bh4 O-O 8. Bd3
c5 9. cxd5 exd5 10. O-O b6 11. Rc1 Bb7 12. Re1 Ne4 13. Bxe4 dxe4 14. Bxe7 Qxe7
15. Nd2 Rfe8 16. Qe2 a6 17. Nb3 Qg5 18. dxc5 Nxc5 19. Nxc5 bxc5 20. Red1 Rac8
21. Rd7 Re7 22. Rcd1 Rxd7 23. Rxd7 Rb8 24. Qd2 Qf6 25. Rd6 Qe5 26. Rd8+ Rxd8 27.
Qxd8+ Kh7 28. Qd7 Ba8 29. Qxf7 Qb8 30. Qf5+ Kh8 31. h3 Bc6 32. Qxc5 1-0

[Event "41st Olympiad Women 2014"]
[Site "Tromso NOR"]
[Date "2014.08.04"]
[Round "3.65"]
[Board "1"]
[White "Faqih, Yara"]
[Black "Namaganda, Christine"]
[Result "0-1"]
[WhiteElo "1410"]
[BlackElo "1536"]
[WhiteTeam "Palestine"]
[BlackTeam "Uganda"]
[WhiteFideId "11501642"]
[BlackFideId "10000445"]
[EventDate "2014.08.02"]

1. d4 Nf6 2. c4 g6 3. Nc3 Bg7 4. e4 d6 5. f3 O-O 6. Be3 Nbd7 7. Qd2 c5 8. d5 a6
9. a4 Ne5 10. h3 Nh5 11. Bf2 f5 12. O-O-O fxe4 13. Nxe4 b5 14. axb5 axb5 15.
cxb5 c4 16. Ne2 Bd7 17. Nd4 Nf4 18. Nc6 Bxc6 19. bxc6 Ned3+ 20. Bxd3 Nxd3+ 21.
Kb1 Nxb2 22. Bd4 Bxd4 23. Qxd4 Nxd1 24. Rxd1 Qb8+ 25. Qb2 Qa7 26. Kc2 Rfb8 27.
Qc1 Qa2+ 28. Kc3 Rb3+ 29. Kd4 Rd3+ 30. Rxd3 cxd3 31. Kxd3 Qxd5+ 32. Ke3 Rc8 33.
c7 Qb7 34. Ng5 Rxc7 35. Qa1 Qa7+ 36. Qxa7 Rxa7 37. Kd4 h6 38. Ne6 Ra2 39. g3 Ra3
40. Nf4 e5+ 41. Kd5 exf4 42. gxf4 Rxf3 43. Kxd6 Rxf4 44. Ke5 Rf3 45. h4 Kg7 46.
Ke4 Rh3 47. Kf4 Rxh4+ 48. Kg3 g5 49. Kg2 Kg6 50. Kg3 Kf5 51. Kf3 Ra4 52. Kg3 h5
53. Kf3 Ra3+ 54. Kf2 Kf4 55. Kg2 g4 56. Kf2 Ra2+ 57. Kf1 g3 58. Kg1 Kf3 59. Kf1
Ra1# 0-1

[Event "41st Olympiad Women 2014"]
[Site "Tromso NOR"]
[Date "2014.08.04"]
[Round "3.67"]
[Board "1"]
[White "Morales Santos, Natasha"]
[Black "Meghara, Lylia"]
[Result "1-0"]
[WhiteTitle "WCM"]
[BlackTitle "WFM"]
[WhiteElo "1726"]
[BlackElo "1811"]
[WhiteTeam "Puerto Rico"]
[BlackTeam "Algeria"]
[WhiteFideId "3101703"]
[BlackFideId "7902867"]
[EventDate "2014.08.02"]

1. d4 Nf6 2. Nf3 e6 3. e3 b6 4. Bd3 Bb7 5. O-O Be7 6. c4 d5 7. b3 O-O 8. Bb2
Nbd7 9. Nbd2 c5 10. cxd5 Nxd5 11. Rc1 Re8 12. Nc4 N7f6 13. Qe2 Rc8 14. Rfd1 b5
15. Nce5 a6 16. Ng5 Rf8 17. dxc5 Rxc5 18. Rxc5 Bxc5 19. Ng4 h6 20. Nxf6+ gxf6
21. Qh5 Kg7 22. Nxe6+ 1-0

[Event "41st Olympiad Women 2014"]
[Site "Tromso NOR"]
[Date "2014.08.04"]
[Round "3.67"]
[Board "2"]
[White "Mezioud, Amina"]
[Black "Vega Jimenez, Keyshla M."]
[Result "1-0"]
[WhiteTitle "WIM"]
[WhiteElo "2052"]
[BlackElo "1664"]
[WhiteTeam "Algeria"]
[BlackTeam "Puerto Rico"]
[WhiteFideId "7900970"]
[BlackFideId "3101851"]
[EventDate "2014.08.02"]

1. e4 c5 2. c3 e6 3. d4 cxd4 4. cxd4 Nf6 5. Nc3 d6 6. Nf3 Nbd7 7. Be2 Be7 8. O-O
a6 9. a4 Qc7 10. h3 b6 11. Bf4 Bb7 12. Rc1 Qb8 13. d5 e5 14. Be3 Nc5 15. Nd2 O-O
16. Nc4 Qd8 17. f3 Bc8 18. a5 b5 19. Bxc5 bxc4 20. Bb6 Qd7 21. Bxc4 Bd8 22. Na4
Qe7 23. Rc3 Nd7 24. Bxd8 Qxd8 25. b4 Rb8 26. Rb3 Qg5 27. Qe2 Nf6 28. Nb6 Bxh3
29. f4 Qxg2+ 30. Qxg2 Bxg2 31. Kxg2 Nxe4 32. fxe5 Nd2 33. exd6 Rxb6 34. axb6
Nxc4 35. b5 axb5 36. Rxb5 Nxd6 37. Rc5 Rd8 38. Rfc1 Kf8 39. Rc6 Ke7 40. Re1+ Kf8
41. Rb1 Nb7 42. Rc7 Rb8 43. Rbc1 Nd6 44. R1c6 Rd8 45. Rxd6 1-0

[Event "41st Olympiad Women 2014"]
[Site "Tromso NOR"]
[Date "2014.08.04"]
[Round "3.67"]
[Board "3"]
[White "Figueroa Calderon, Jenid"]
[Black "Latreche, Sabrina"]
[Result "0-1"]
[WhiteTitle "WCM"]
[BlackTitle "WIM"]
[WhiteElo "1454"]
[BlackElo "1972"]
[WhiteTeam "Puerto Rico"]
[BlackTeam "Algeria"]
[WhiteFideId "3101134"]
[BlackFideId "7901798"]
[EventDate "2014.08.02"]

1. e4 e5 2. Nf3 Nc6 3. Bb5 Nge7 4. O-O g6 5. d3 Bg7 6. Nbd2 O-O 7. h3 a6 8. Ba4
d6 9. a3 h6 10. Re1 Be6 11. c3 Kh7 12. Nf1 d5 13. exd5 Bxd5 14. Ne3 Be6 15. Bc2
Qd7 16. Nh2 Rad8 17. Qd2 f5 18. Qe2 f4 19. Neg4 h5 20. Nxe5 Nxe5 21. d4 f3 22.
Nxf3 Nxf3+ 23. gxf3 Bf5 24. Bb3 Rde8 25. Qd2 Nd5 26. Rxe8 Rxe8 27. Bxd5 Qxd5 28.
Qf4 Re1+ 29. Kg2 Qd7 30. h4 Qb5 31. Qh2 Qf1+ 32. Kg3 Rxc1 33. Rxc1 Qxc1 34. Kg2
c6 35. Qd6 Qxb2 36. c4 Qxd4 37. Qb4 Qxh4 38. Kf1 Bd3+ 39. Ke1 Qh1+ 40. Kd2 Qxf3
41. Qxb7 Qe2+ 42. Kc1 Qc2# 0-1

[Event "41st Olympiad Women 2014"]
[Site "Tromso NOR"]
[Date "2014.08.04"]
[Round "3.67"]
[Board "4"]
[White "Toubal, Hayat"]
[Black "Comas Colon, Rinelly M."]
[Result "1-0"]
[WhiteTitle "WIM"]
[BlackTitle "WFM"]
[WhiteElo "1938"]
[BlackElo "1762"]
[WhiteTeam "Algeria"]
[BlackTeam "Puerto Rico"]
[WhiteFideId "7901631"]
[BlackFideId "3101576"]
[EventDate "2014.08.02"]

1. d4 g6 2. c4 Bg7 3. Nc3 c5 4. Nf3 Nf6 5. d5 d6 6. e4 O-O 7. Be2 e6 8. O-O exd5
9. exd5 a6 10. a4 Re8 11. Bd3 Bg4 12. h3 Bxf3 13. Qxf3 Nbd7 14. Be3 Ne5 15. Qd1
Qa5 16. Qe2 Re7 17. Rfc1 Rae8 18. Bb1 Qb4 19. Nd1 Qa5 20. Nc3 Qb4 21. Nd1 Qa5
22. Nc3 h6 23. Ba2 Qc7 24. Qd2 Kh7 25. Rd1 Qd7 26. b3 Nh5 27. Rac1 Qf5 28. Qe2
Nf4 29. Qf1 Qg5 30. Kh1 Qh4 31. Bb1 Nh5 32. Kg1 Qf6 33. Ne4 Qh4 34. g3 Nf3+ 35.
Kg2 Rxe4 1-0

[Event "41st Olympiad Women 2014"]
[Site "Tromso NOR"]
[Date "2014.08.05"]
[Round "4.1"]
[Board "1"]
[White "Pourkashiyan, Atousa"]
[Black "Repkova, Eva"]
[Result "1/2-1/2"]
[WhiteTitle "WGM"]
[BlackTitle "IM"]
[WhiteElo "2352"]
[BlackElo "2358"]
[WhiteTeam "Iran"]
[BlackTeam "Slovakia"]
[WhiteFideId "12502014"]
[BlackFideId "14900440"]
[EventDate "2014.08.02"]

1. e4 e6 2. d4 d5 3. Nd2 Nf6 4. e5 Nfd7 5. c3 c5 6. Bd3 Nc6 7. Ne2 cxd4 8. cxd4
f6 9. exf6 Qxf6 10. Nf3 Bd6 11. Bg5 Qf7 12. Bh4 e5 13. dxe5 Ndxe5 14. Nxe5 Bxe5
15. Qc2 Qh5 16. Bg3 O-O 17. O-O Kh8 18. Bxe5 Nxe5 19. Ng3 Qh6 20. Rae1 Ng4 21.
h3 Nf6 22. Re7 Bd7 23. Nf5 Bxf5 24. Bxf5 Nh5 25. Rxb7 Qg5 26. Bg4 Nf4 27. g3 h5
28. gxf4 Rxf4 29. f3 hxg4 30. hxg4 Rc4 31. Qh2+ Kg8 32. Rb8+ Rxb8 33. Qxb8+ Kh7
34. Qh2+ Kg8 35. Qb8+ Kh7 36. Qxa7 Rxg4+ 37. fxg4 Qxg4+ 38. Kf2 Qf4+ 39. Ke1
Qc1+ 40. Ke2 Qc4+ 41. Ke1 Qc1+ 42. Ke2 Qc4+ 43. Kf2 Qf4+ 44. Ke1 Qc1+ 1/2-1/2

[Event "41st Olympiad Women 2014"]
[Site "Tromso NOR"]
[Date "2014.08.05"]
[Round "4.1"]
[Board "2"]
[White "Stockova, Zuzana"]
[Black "Khademalsharieh, Sarasadat"]
[Result "0-1"]
[WhiteTitle "IM"]
[BlackTitle "WGM"]
[WhiteElo "2383"]
[BlackElo "2324"]
[WhiteTeam "Slovakia"]
[BlackTeam "Iran"]
[WhiteFideId "14900866"]
[BlackFideId "12512214"]
[EventDate "2014.08.02"]

1. e4 e5 2. Bc4 Nf6 3. d3 c6 4. Nf3 d5 5. Bb3 Bb4+ 6. Bd2 Bxd2+ 7. Nbxd2 a5 8.
a4 Nbd7 9. exd5 cxd5 10. O-O O-O 11. Re1 Re8 12. Nb1 b6 13. Nc3 Bb7 14. Nb5 Qb8
15. Nh4 Bc6 16. Nf5 g6 17. Nh6+ Kg7 18. Qd2 Bxb5 19. axb5 Qd6 20. Qg5 Qb4 21.
Nf5+ Kh8 22. Ne3 Qd6 23. d4 exd4 24. Nxd5 Nxd5 25. Qxd5 Qxd5 26. Bxd5 Rxe1+ 27.
Rxe1 Rc8 28. Bb3 a4 29. Bxa4 Nc5 30. Bb3 Nxb3 31. cxb3 Rc2 32. Kf1 Rxb2 33. Re8+
Kg7 34. Rb8 d3 35. Ke1 Re2+ 36. Kd1 Rxf2 37. Rxb6 Rxg2 38. Rd6 Rg5 39. b6 Rb5
40. Rxd3 Rxb6 41. Kc2 g5 42. Rg3 Kg6 43. Kc3 f5 44. Rg1 f4 45. Rb1 Kf5 46. Kd4
Rd6+ 47. Kc5 Rd8 48. b4 f3 49. b5 Kf4 50. b6 f2 51. b7 Kf3 52. b8=Q Rxb8 53.
Rxb8 f1=Q 54. Rf8+ Kg2 55. Rxf1 Kxf1 0-1

[Event "41st Olympiad Women 2014"]
[Site "Tromso NOR"]
[Date "2014.08.05"]
[Round "4.1"]
[Board "3"]
[White "Hejazipour, Mitra"]
[Black "Kochetkova, Julia"]
[Result "1-0"]
[WhiteTitle "WIM"]
[BlackTitle "WGM"]
[WhiteElo "2269"]
[BlackElo "2338"]
[WhiteTeam "Iran"]
[BlackTeam "Slovakia"]
[WhiteFideId "12505951"]
[BlackFideId "4139690"]
[EventDate "2014.08.02"]

1. d4 Nf6 2. c4 e6 3. Nc3 d5 4. Bg5 Be7 5. e3 O-O 6. Rc1 h6 7. Bh4 Nbd7 8. Nf3
b6 9. cxd5 exd5 10. Bd3 Bb7 11. O-O Ne4 12. Bxe7 Qxe7 13. Qe2 a6 14. Rfd1 Rfe8
15. Bb1 Qd6 16. a3 Re7 17. b4 Rae8 18. Qc2 Ndf6 19. Nxe4 Nxe4 20. Nd2 Nf6 21.
Nf1 g6 22. Rd3 h5 23. Rc3 c6 24. Qd1 Kg7 25. Nd2 Nd7 26. Qf3 Re6 27. Bd3 Qb8 28.
Qe2 Qa8 29. Nb3 Rf6 30. a4 Nf8 31. a5 b5 32. Nc5 Bc8 33. Qc2 Qb8 34. e4 dxe4 35.
Nxe4 Rfe6 36. Rxc6 Rxc6 37. Qxc6 Ne6 1-0

[Event "41st Olympiad Women 2014"]
[Site "Tromso NOR"]
[Date "2014.08.05"]
[Round "4.1"]
[Board "4"]
[White "Gazikova, Veronika"]
[Black "Hakimifard, Ghazal"]
[Result "0-1"]
[WhiteTitle "WFM"]
[BlackTitle "WIM"]
[WhiteElo "2034"]
[BlackElo "2232"]
[WhiteTeam "Slovakia"]
[BlackTeam "Iran"]
[WhiteFideId "14919311"]
[BlackFideId "12506540"]
[EventDate "2014.08.02"]

1. e4 c5 2. Nf3 Nc6 3. d4 cxd4 4. Nxd4 e6 5. Nc3 a6 6. Nxc6 bxc6 7. Bd3 d5 8.
O-O Nf6 9. Qe2 Be7 10. e5 Nd7 11. Na4 c5 12. c4 d4 13. f4 g6 14. Be4 Rb8 15. b3
O-O 16. Nb2 Qc7 17. Nd3 a5 18. Bd2 Ba6 19. g4 Rbc8 20. Qg2 Rfe8 21. g5 Rb8 22.
Nf2 a4 23. Ng4 Bb7 24. Bxb7 Qxb7 25. Qh3 axb3 26. Nh6+ Kg7 27. Nxf7 Nf8 28. Nh6
b2 29. Rab1 Qa6 30. Ng4 Qxa2 31. Qh6+ Kg8 32. Nf6+ Bxf6 33. gxf6 Rb7 34. h4 Qb3
35. Kf2 Qc2 36. Rfd1 Ra8 37. h5 Ra1 38. hxg6 hxg6 39. Rh1 Rh7 40. f7+ Kxf7 0-1

[Event "41st Olympiad Women 2014"]
[Site "Tromso NOR"]
[Date "2014.08.05"]
[Round "4.2"]
[Board "1"]
[White "Bjerke, Silje"]
[Black "Havlikova, Kristyna"]
[Result "1/2-1/2"]
[WhiteTitle "WIM"]
[BlackTitle "WIM"]
[WhiteElo "2189"]
[BlackElo "2215"]
[WhiteTeam "Norway"]
[BlackTeam "Czech Republic"]
[WhiteFideId "1502786"]
[BlackFideId "309672"]
[EventDate "2014.08.02"]

1. e4 c5 2. Nf3 Nc6 3. d4 cxd4 4. Nxd4 g6 5. c4 Nf6 6. Nc3 Nxd4 7. Qxd4 d6 8.
Bg5 Bg7 9. Qd2 O-O 10. Bd3 Be6 11. O-O Re8 12. Rac1 Rc8 13. b3 Qa5 14. Bb1 a6
15. Nd5 Qxd2 16. Nxf6+ Bxf6 17. Bxd2 g5 18. Be3 h6 19. Bd3 Bb2 20. Rc2 Ba3 21.
Bd2 b5 22. cxb5 Rxc2 23. Bxc2 axb5 24. Bd3 Bd7 25. b4 Bb2 26. Rb1 Bd4 27. Rc1
Ra8 28. Rc2 Ra3 29. Bf1 Ra7 30. g3 d5 31. exd5 Bf5 32. Rc1 Rxa2 33. Be3 Bxe3 34.
fxe3 Be4 35. Rc5 Ra1 36. Kf2 Ra2+ 37. Kg1 Ra1 38. Kf2 1/2-1/2

[Event "41st Olympiad Women 2014"]
[Site "Tromso NOR"]
[Date "2014.08.05"]
[Round "4.2"]
[Board "2"]
[White "Olsarova, Karolina"]
[Black "Dolzhikova, Olga"]
[Result "1-0"]
[WhiteTitle "WIM"]
[BlackTitle "WGM"]
[WhiteElo "2237"]
[BlackElo "2166"]
[WhiteTeam "Czech Republic"]
[BlackTeam "Norway"]
[WhiteFideId "320242"]
[BlackFideId "14105870"]
[EventDate "2014.08.02"]

1. e4 e5 2. Nf3 d6 3. d4 exd4 4. Nxd4 Nf6 5. Nc3 Be7 6. Bf4 O-O 7. Qd2 Re8 8.
O-O-O Nbd7 9. f3 Nc5 10. Kb1 Ne6 11. Nxe6 Bxe6 12. g4 Nd7 13. Nd5 Bf6 14. h4
Bxd5 15. exd5 Nc5 16. c3 a6 17. Qc2 b5 18. g5 Be5 19. Be3 Na4 20. Bc1 g6 21. f4
Bh8 22. h5 Qe7 23. f5 f6 24. fxg6 fxg5 25. gxh7+ Qxh7 26. Bd3 Qd7 27. Bxg5 Be5
28. Bf5 Qg7 29. Rhg1 Kh8 30. Bh4 Qh6 31. Rg6 Qf4 32. Bg5 Qf3 33. Rh6+ Kg7 34.
Rh7+ Kg8 35. Rg1 1-0

[Event "41st Olympiad Women 2014"]
[Site "Tromso NOR"]
[Date "2014.08.05"]
[Round "4.2"]
[Board "3"]
[White "Koskela, Niina"]
[Black "Sikorova, Olga"]
[Result "1/2-1/2"]
[WhiteTitle "WGM"]
[BlackTitle "WGM"]
[WhiteElo "2213"]
[BlackElo "2289"]
[WhiteTeam "Norway"]
[BlackTeam "Czech Republic"]
[WhiteFideId "500755"]
[BlackFideId "307033"]
[EventDate "2014.08.02"]

1. e4 e6 2. d3 c5 3. Nf3 Nc6 4. g3 g6 5. Bg2 Bg7 6. O-O Nge7 7. c3 e5 8. a3 d6
9. b4 b6 10. b5 Na5 11. Nbd2 O-O 12. Nc4 Nxc4 13. dxc4 a6 14. Qd3 Qc7 15. Rd1
Rd8 16. Nd2 Be6 17. bxa6 Rxa6 18. Nf1 Ra4 19. Ne3 Bh6 20. f4 exf4 21. Nd5 Nxd5
22. cxd5 Bg4 23. Rf1 Qd7 24. gxf4 Re8 25. h3 Bh5 26. f5 Bxc1 27. Raxc1 Rxa3 28.
f6 h6 29. Rb1 Qa7 30. Qb5 Rd8 31. Rfc1 Ra6 32. Bf1 Ra2 33. Qxb6 Qxb6 34. Rxb6
Bf3 35. Re1 g5 36. Re3 Bh5 37. e5 dxe5 38. Rxe5 c4 39. Bxc4 Rc2 40. Re3 Ra8 41.
Rb1 Rc8 42. d6 Rxc4 43. d7 Rd2 44. Rb8+ Kh7 45. d8=Q Rxd8 46. Rxd8 Rc6 47. Rd4
Rxf6 48. c4 Rc6 49. Re5 Kg7 50. Ra5 Bg6 51. c5 Bf5 52. h4 gxh4 53. Rd6 Rxd6 54.
cxd6 Be6 55. Rd5 Bd7 56. Re5 Kf6 57. Re7 Be6 58. Kh2 h3 59. Kg3 h5 60. Kh2 h4
61. Kg1 Bf5 62. Kh2 Be6 63. Ra7 Bf5 64. Ra5 Bd7 65. Rh5 Ke6 66. Kxh3 Kxd6+ 67.
Kxh4 Be6 68. Kg3 Ke7 69. Kf4 Kf6 70. Rg5 Bb3 71. Rf5+ Kg7 72. Ke5 Bc2 73. Rg5+
Bg6 74. Rg1 Kh7 75. Kf6 Kg8 76. Rh1 Be4 77. Rc1 Bg6 78. Rc8+ Kh7 79. Rb8 Bh5 80.
Rb2 Bg6 81. Rd2 Kg8 82. Rh2 Bd3 83. Rd2 Bg6 84. Ke7 Kg7 85. Rd8 Bf5 86. Rb8 Be4
87. Rb6 Bg6 88. Rb5 Bd3 89. Rb7 Be4 90. Ra7 Bd3 91. Ra3 Bf5 92. Rg3+ Bg6 93. Rg5
Kg8 94. Kf6 Kh7 95. Ra5 Kg8 96. Ra8+ Kh7 97. Rb8 Bh5 98. Rb2 Bg6 99. Rh2+ Kg8
100. Rh4 Bd3 101. Rh8+ Kxh8 102. Kxf7 Kh7 1/2-1/2